Ernest Hemingway : la labor de un hombre /
Furkejuvvon:
| Váldodahkki: | |
|---|---|
| Materiálatiipa: | Girji |
| Giella: | espánnjágiella |
| Almmustuhtton: |
México :
CONACULTA,
2002, c2002
|
| Ráidu: | (Sello Bermejo)
|
| Fáttát: | |
| Fáddágilkorat: |
Eai fáddágilkorat, Lasit vuosttaš fáddágilkora!
|
MARC
| LEADER | 00000nam^a2200000^a^4500 | ||
|---|---|---|---|
| 001 | 000150354 | ||
| 005 | 20250521000000.0 | ||
| 009 | 20260310100132.892 | ||
| 020 | |a 970-18-8180-X | ||
| 037 | |a Acervo ITESO - Biblioteca | ||
| 041 | |a ESP | ||
| 082 | |a 810. 9 |b CHA | ||
| 100 | |a Chacón, Joaquín Armando |e (autor) | ||
| 245 | 1 | 0 | |a Ernest Hemingway : |b la labor de un hombre / |c J.A. Chacón. |
| 264 | 4 | |a México : |b CONACULTA, |c 2002, c2002 | |
| 300 | |a 34 p. | ||
| 336 | |a texto |b txt |2 rdacontenido | ||
| 337 | |a sin mediación |b n |2 rdamedio | ||
| 338 | |a volumen |b nc |2 rdasoporte | ||
| 440 | 1 | |a (Sello Bermejo) | |
| 545 | 0 | |a Ernest Hemingway (1899-1961), escritor norteamericano. Premio Nobel de Literatura en 1954. Corresponsal extranjero en el Oriente y Grecia, fue un protagonista fundamental del París de los 20, período evocado en París era una fiesta (libro póstumo de 1964). Radicó por largas temporadas en Cuba. Sus títulos incluyen: En nuestro tiempo (1925); Aguas primaverales (1926); Ahora brilla el sol (Fiesta 1926); Adiós a las armas (1929); Muerte en la tarde (1932); Las verdes colinas de Africa (1935), Por quién doblan las campanas (1940) y El viejo y el mar (1952), entre otros. | |
| 545 | 0 | |a Joaquín Armando Chacón (Chihuahua, 1944), escritor mexicano. Ha sido director y jefe de redacción de las revistas Punto de vida, México en el arte, Diagonales, Cultura norte, MD y Medicina y cultura. Es autor, entre otras obras, de las novelas Los largos días; Las amarras terrestres y el recuento de los daños; La casa en la calle de Tolstoi; la obra de teatro Hijo de hombre; los poemarios A la orilla de sí; Imágenes y nostalgias; Santa Cruz California y otros poemas; del ensayo Ernest Hemingway, la labor de un hombre. Su narrativa, de tono poético y sincero, se fundamenta, en gran medida, en el uso de novelas fragmentadas o historias dentro de la historia como un medio para comunicar varias aristas de sus anécdotas, ambientadas generalmente en la ciudad; en sus cuentos y novelas rinde homenaje a personajes literarios. Ha sido condecorado con los premios Magda Donato, Diana-Novedades, Tomás Valles al Mérito Artístico y Efraín Huerta de Cuento, entre otros. | |
| 649 | |a XX | ||
| 650 | |a Escritores Norteamericanos | ||
| 650 | |a Literatura Norteamericana - |x Historia y Crítica | ||
| 650 | |a Literatura Norteamericana - |y Siglo XX | ||
| 650 | |a Hemingway, Ernest - |x Tema Principal | ||
| 910 | |a Fondo General | ||
| 920 | |a Impresos - Libros | ||
| 930 | |a Colección General | ||
| 940 | |a Literatura | ||
| 905 | |a 101 | ||
| 901 | |a 0500079873 |b IT1 |c LIT |u 20250521 | ||
| 902 | |a https://opac.biblio.iteso.mx/vufind/Record/000150354 | ||